Online Catalogue and eLibrary

In old Ceylon (Record no. 3502)

MARC details
000 -LEADER
fixed length control field 00423nam a2200181Ia 4500
005 - DATE AND TIME OF LATEST TRANSACTION
control field 20250210023539.0
008 - FIXED-LENGTH DATA ELEMENTS--GENERAL INFORMATION
fixed length control field 240331s9999 xx 000 0 und d
020 ## - INTERNATIONAL STANDARD BOOK NUMBER
ISBN 812061027X
082 ## - DDC Classification
Item Number - Author Mark FAR
Class No. 954
100 ## - MAIN ENTRY--PERSONAL NAME
Personal name Farrer,R
245 #0 - TITLE STATEMENT
Title In old Ceylon
260 ## - PUBLICATION, DISTRIBUTION, ETC.
Place of publication, distribution, etc. New Delhi
Name of publisher, distributor, etc. Asian Educational Services
Date of publication, distribution, etc. 1995
300 ## - PHYSICAL DESCRIPTION
Extent (e.g. Volumes, Pages etc.) ix, 351 p .,
650 ## - SUBJECT ADDED ENTRY--TOPICAL TERM
Topical term or geographic name entry element Lanuage
650 ## - SUBJECT ADDED ENTRY--TOPICAL TERM
Topical term or geographic name entry element old ceylon
650 ## - SUBJECT ADDED ENTRY--TOPICAL TERM
Topical term or geographic name entry element Social
942 ## - Koha item type (Biblio)
Koha item type Books in Stacks (Lending)
Holdings
Lost status Damaged status Collection code Home library Current library Shelving location Date acquired Full call number Accession Number Item type
    Lending WERC Library WERC Library Social Science Cupboard 03/31/2024 954.9 FAR 5101 Books in Stacks (Lending)

© WERC Library